Country Quiz: Djibouti 🇩🇯 - Statistics

General Stats
  • This quiz has been taken 15 times
    7 since last reset
  • The average score is 14 of 27
Answer Stats
Hint Answer % Correct
Time zones 1 (UTC+3)
100%
Independence 1977
75%
Language Arabic
75%
Capital Djibouti
75%
Nationality Djiboutian
75%
National Sport Football
75%
Currency Franc
75%
Between 1884-1970s, this country ruled over the territory that would eventually become Djibouti France
75%
French
75%
Situated in this East African Region Horn of Africa
75%
Somalia
75%
Climate Arid
50%
Bordering Countries Eritrea
50%
Ethiopia
50%
Bordering Gulf Gulf of Aden
50%
Main Religion Islam
50%
Measurement System Metric
50%
Between 16-19th century, Djibouti was part of this historical empire Ottoman Empire
50%
Bordering Seas Red sea
50%
State-Condition Republic
50%
Founding Father Hassan Gouled Aptidon
25%
Only person from Djibouti to have won a medal (bronze) in the Olympics, 1988, South Korea Hussein Ahmed Salah
25%
Most Famous Leader (1999-) Ismaïl Omar Guelleh
25%
Type of Government Presidential / Unitary
25%
Second-Largest City Ali Sabieh
0%
National Animal Elk
0%
This crater lake in Djibouti is the second-most saltiest body of water on Earth Lac Assal
0%
No matching quizzes found
Score Distribution
Percent of People with Each Score
Percentile by Number Answered
Your Score History
You have not taken this quiz since the last reset